00226nam a2200085Ia 4500008004100000041000800041100002100049245003700070260003300107241105s9999 xx 000 0 und d aeng aDhakkan Priyanka aKindergarten And Day Care Centre bFourth Year CAID, Punec2014